000 01148nam a2200229Ia 4500
999 _c49356
_d49356
001 16273
003 GE_BSU
005 20240416100416.0
008 181216s2013||||ge |||||||||||||| ||geo||
020 _a9789941053528
040 _cGE_BSU
041 _ageo
080 _a343(479.22) გ-19
100 _aგამყრელიძე, ოთარ
_92834
245 _aსისხლის სამართლის პრობლემები :
_bტ. 3 /
_cოთარ გამყრელიძე; თინათინ წერეთლის სახელმწიფოსა და სამართლის ინ-ტი.
264 _aთბილისი :
_bმერიდიანი,
_c2013.
300 _a340 გვ.;
_b20 სმ.
504 _a ბიბლიოგრაფია ტექსტის შენიშვნებში
653 _aსაქართველოს სისხლის სამართალი
710 _aთინათინ წერეთლის სახელმწიფოსა და სამართლის ინ-ტი.
_913283
942 _cBK
_2udc